| 000 | 005720000a22001810004500 | ||
|---|---|---|---|
| 090 |
_aAR _b02488 |
||
| 245 | 1 | 0 | _aNew mouse of the genus Nelsonia from Southern Jalisco, Mexico |
| 650 | 1 | 4 |
_aRoedores _97408 |
| 650 | 1 | 4 |
_aTaxonomía animal _98245 |
| 650 | 1 | 4 |
_aNuevas especies _992905 |
| 651 | 4 |
_dJalisco _pMéxico _992749 |
|
| 653 |
_gNelsonia _eNelsonia neotomodon |
||
| 041 | 0 | _aInglés | |
| 700 | 1 |
_aJones, J. Knox _99498 |
|
| 100 | 1 |
_aGenoways, Hugh H. _993478 |
|
| 942 | _cARTICULO | ||
| 773 | 1 |
_tProceedings of the Biological Society of Washington _341 _q97-100 _d1968 _g81 |
|
| 999 |
_c11555 _d11555 |
||